Word Chain with Album Titles - Statistics

General Stats
  • This quiz has been taken 10 times
  • The average score is 9 of 30
Answer Stats
Hint Answer % Correct
1994, Punk album that brought punk to the mainstream Dookie
71%
1991, Grunge album that changed music forever Nevermind
71%
1986, Thrash metal album with a song that was in Stranger Things Master of Puppets
57%
2003, Nu Metal album with a skull album cover Deftones
43%
1992, Nu Metal / Rap Rock album against the government Rage Against The Machine
43%
2013, Rap album with mixed reactions from fans Yeezus
43%
1989, Post Punk album which is in Apple Music's Top 100 Albums of All Time Disintegration
29%
1980, Rock album that can be easily broken by a rock Glass Houses
29%
2000, Garage-rock band album Go Go Racing
29%
2012, Concept rap album featuring Drake and Jay Rock Good Kid, Maad City
29%
2007, Final album in the College Trilogy Graduation
29%
1990, Shoegaze album by Cocteau Twins Heaven or Las Vegas
29%
2019, Concept rap album with a looping story Igor
29%
1997, Alternative punk album which branched out from their punk sound Nimrod
29%
1988, Rock album by Jane's Addiction Nothing's Shocking
29%
2024, Alternative rock album by Green Day Saviors
29%
2023, Collaborative rap album that you wouldn't want to play around women Scaring The Hoes
29%
2012, Punk album by NOFX Self / Entitled
29%
1999, Garage rock band with front man Billie Joe Armstrong Shoot The Moon
29%
1993, Mainstream breakthrough album by a rock band Siamese Dream
29%
1989, Thrash-core album by D.R.I Thrash Zone
29%
2022, Synth-pop album with narration by Jim Carrey Dawn FM
14%
1968, Psychedelic rock album that is a double album Electric Ladyland
14%
1993, Rap album by a group featuring Method Man, Raekwon, and Ghostface Killah Enter The Wu-Tang
14%
2011, Industrial hip-hop album made by a group led by MC Ride Exmilitary
14%
2009, Rap album that influences modern rappers like Travis Scott Man on the Moon
14%
2023, R&B album with single "Let Me Go" Never Enough
14%
1999, Debut metal album Slipknot
14%
1993, Post Punk / Shoe Gaze album Souvlaki
14%
1999, Hip-hop album by a rap group that is now on Saturday Night Live Things Fall Apart
14%
No matching quizzes found
Score Distribution
Percent of People with Each Score
Percentile by Number Answered
Your Score History
You have not taken this quiz